INTERPRETATION OF STATUES (Record no. 850523)

MARC details
000 -LEADER
fixed length control field 00338nam a2200145Ia 4500
008 - FIXED-LENGTH DATA ELEMENTS--GENERAL INFORMATION
fixed length control field 230817s2022 xx 000 0 und d
041 ## - LANGUAGE CODE
Language code of text/sound track or separate title eng
082 ## - DEWEY DECIMAL CLASSIFICATION NUMBER
Classification number 34534/DES
100 ## - MAIN ENTRY--PERSONAL NAME
Personal name DESAI S S
245 ## - TITLE STATEMENT
Title INTERPRETATION OF STATUES
250 ## - EDITION STATEMENT
Edition statement 1 Ed
260 ## - PUBLICATION, DISTRIBUTION, ETC.
Place of publication, distribution, etc. KOLHAPUR
Name of publisher, distributor, etc. S S LAW PUB
Date of publication, distribution, etc. 2022
300 ## - PHYSICAL DESCRIPTION
Extent 1-116p
700 ## - ADDED ENTRY--PERSONAL NAME
Personal name DESAI S S
Holdings
Withdrawn status Lost status Damaged status Not for loan Home library Current library Date acquired Total Checkouts Full call number Barcode Date last seen Price effective from Koha item type
        Yashwantrao Chavan Law College,Karad YLK Yashwantrao Chavan Law College,Karad YLK 24/08/2022   34534/DES YLK-D-295 17/08/2023 17/08/2023 Book